| 000 | 00846nam a2200265Ia 4500 | ||
|---|---|---|---|
| 003 | OSt | ||
| 005 | 20221005062951.0 | ||
| 006 | a|||||r|||| 00| 0 | ||
| 007 | ta | ||
| 008 | 221004b |||||||| |||| 00| 0 eng d | ||
| 020 |
_a9780262140997 (hbk) _c1870.35 |
||
| 024 | _a95792 | ||
| 037 |
_b26844, 09/01/2009, Segment Book Distributors _cTextual |
||
| 040 |
_aCRL _cCRL _beng |
||
| 041 |
_2eng _aeng |
||
| 082 | _aS6(P:1):86, P8 | ||
| 100 |
_aNicloson Roderick I. _9602421 |
||
| 245 | 0 | _aDyslexia, learning, and the brain | |
| 260 |
_aLondon _bThe MIT Press UK _c2008 |
||
| 300 |
_axx, 283p. _ccm. |
||
| 650 | _aPSYCHOLOGY | ||
| 700 |
_a Fawcett Angela J. _9602422 |
||
| 942 |
_hS6(P:1):86, P8 _cTEXL _2cc |
||
| 999 |
_c970630 _d970630 |
||